000 02505cam a22003131i 4500
003 SA_RiAUC
005 20241107131602.0
008 241106s2012____ba g 000 0bara c
040 _aSA-RiIMS
_bara
_cSA-RiAUC
_erda
082 0 4 _a239.6
_qSA-RiAUC
090 _a239.6
_bت ر م
100 1 _aالترمذي، محمد بن عيسى بن سورة،
_d209-279 هجري
_eمؤلف.
245 1 2 _aالشمائل المحمدية /
_cعيسى بن محمد بن سورة الترمذي ؛ حقق نصوصه وخرج أحاديثه وعلق عليه عبده علي كوشك ؛ قدم له عبد القادر الأرناؤوط.
250 _aالطبعة الخامسة.
264 1 _aالمنامة :
_bمكتبة نظام يعقوبي الخاصة،
_c2012
300 _a294 صفحة ؛
_c24 سم
336 _aنص
_btxt
_2rdacontent
_3كتاب
337 _aبدون وسيط
_bn
_2rdamedia
338 _aمجلد
_bnc
_2rdacarrier
600 0 7 _aمحمد (صلى الله عليه وسلم)،
_d53 قبل الهجرة-11 هجري
_xأخلاق
_2aucnm
650 7 _aالسيرة النبوية
_2aucsh
650 7 _aأخلاق الرسول
_2aucsh
700 1 _aكوشك، عبده علي،
_d1954-2015
_eمحقق.
700 1 _aالأرناؤوط، عبد القادر،
_d1928-2004
_eمقدم.
856 _uhttp://www.saaid.net/book/7/1036.zip
_yDigital Copy
_2 نرجو الانتباه لإمكانية وجود اختلاف في الطبعة أو الناشر بين البيانات على البوابة وما ستجده على الكتاب نظرا لمحدودية المعلومات المتاحة على الموقع الناشر للمادة.
_3Please note that there may be a difference in the edition or publisher between the data on the portal and the book due to the limited information available on the publisher website for the material.
856 _uhttp://saaid.net/book/open.php?cat=94&book=1905
_yExternal Link
_2 نرجو الانتباه لإمكانية وجود اختلاف في الطبعة أو الناشر بين البيانات على البوابة وما ستجده على الكتاب نظرا لمحدودية المعلومات المتاحة على الموقع الناشر للمادة.
_3Please note that there may be a difference in the edition or publisher between the data on the portal and the book due to the limited information available on the publisher website for the material.
942 _2ddc
_cBOOK
_n0
949 _aSA-JeALM
_d241106
_umohamedma123
_n1
999 _c2183
_d2183